|
|
|
|
| LEADER |
00000 a2200000 4500 |
| 001 |
RU/ROS-EDU.RU/129033 |
| 856 |
4 |
|
|u https://www.ros-edu.ru/book?id=129033
|z Перейти к просмотру издания
|
| 010 |
|
|
|a 978-5-521-07045-9
|
| 100 |
|
|
|a 20180101d2018 |||y0rusy0250
|
| 105 |
|
|
|a y z 000zy
|
| 101 |
0 |
|
|a rus
|
| 102 |
|
|
|a RU
|
| 200 |
1 |
|
|a Tanglewood Tales
|b Электронный ресурс
|f N. Hawthorne
|
| 700 |
|
1 |
|b N.
|a Hawthorne
|4 070
|
| 330 |
|
|
|a Nathaniel Hawthorne (1804–1864) was an American novelist, dark romantic, and short story writer. He also wrote great stories for children based on Greek myth and legend. They are incomparable retellings of themes which the Greek dramatists used in creating their immortal plays and literature.
|
| 210 |
|
|
|a Москва
|c T8RUGRAM
|d 2018
|
| 610 |
1 |
|
|a художественная литература
|
| 610 |
1 |
|
|a английский язык
|
| 610 |
1 |
|
|a зарубежная проза
|
| 610 |
1 |
|
|a классика
|
| 675 |
|
|
|a 82
|
| 686 |
|
|
|a 84
|2 rubbk
|
| 300 |
|
|
|a Книга находится в премиум-версии платформы «Русский как иностранный».
|
| 215 |
|
|
|a 218 с.
|